Expenditures for travel from Washington to points outside of the District of Columbia performed by certain officers and employees of the Department of Agriculture during the fiscal year ended June 30 1915.

Bibliographic Details
Corporate Authors: United States. Congress. House. Committee on Expenditures in the Department of Agriculture, ProQuest (Firm), United States. Department of Agriculture
Format: eBook
Language:English
Published: Washington : [publisher not identified], 1915.
Series:United States congressional serial set.
Subjects:
Online Access:Connect to the full text of this electronic book

MARC

Tag First Indicator Second Indicator Subfields
LEADER 00000cam a22000001a 4500
001 in00003020607
005 20190402185720.0
006 m o d
007 cr un mmmapmmp
008 070803s1915 dcud o f000 0 eng d
035 |a cis2004151963 
040 |a UMI  |c UMI  |d UtOrBLW 
043 |a n-us--- 
099 |a ProQuest Serial Set Number 7100 H.doc.113 
110 1 |a United States.  |b Congress.  |b House.  |b Committee on Expenditures in the Department of Agriculture. 
245 1 0 |a Expenditures for travel from Washington to points outside of the District of Columbia performed by certain officers and employees of the Department of Agriculture during the fiscal year ended June 30 1915. 
246 1 |a Traveling expenses of employees of Agriculture Department, 1915 
264 1 |a Washington :  |b [publisher not identified],  |c 1915. 
300 |a 1 online resource. 
336 |a text  |b txt  |2 rdacontent 
337 |a computer  |b c  |2 rdamedia 
338 |a online resource  |b cr  |2 rdacarrier 
490 0 |a H.doc.113 
500 |a Record is based on bibliographic data in ProQuest U.S. Serial Set Digital Collection (last viewed Aug. 2007). Reuse except for individual research requires license from ProQuest, LLC. 
510 3 |a ProQuest U.S. Serial Set Digital Collection 
500 |a Electronic resource. 
650 0 |a Travel costs. 
650 0 |a Budget  |z United States. 
650 0 |a Expenditures, Public. 
655 7 |a Electronic books.  |2 local 
710 2 |a ProQuest (Firm) 
710 1 |a United States.  |b Department of Agriculture. 
830 0 |a United States congressional serial set. 
856 4 0 |u http://proxy.library.tamu.edu/login?url=http://congressional.proquest.com/congcomp/getdoc?SERIAL-SET-ID=7100+H.doc.113  |z Connect to the full text of this electronic book  |t 0 
999 |a MARS 
999 f f |s 54b5a717-4c86-3386-b6a0-6b96545df2c7  |i 76a001b9-9730-366e-b7bc-89e3276a3078  |t 0 
952 f f |a Texas A&M University  |b College Station  |c Electronic Resources  |d Available Online  |t 0  |e ProQuest Serial Set Number 7100 H.doc.113  |h Other scheme 
998 f f |a ProQuest Serial Set Number 7100 H.doc.113  |t 0  |l Available Online